| 000 | 00801nam a2200229 a 4500 | ||
|---|---|---|---|
| 001 | BRCA_7281 | ||
| 005 | 20190320205759.0 | ||
| 008 | 280212s2010----mx-a######---#000-0#spa-# | ||
| 020 | _a9786079050030 | ||
| 041 | _aspa | ||
| 044 | _amx | ||
| 050 | 4 |
_aNC1001 _b.G73 2010 |
|
| 245 | 1 | 0 |
_aGraf 30 _basí somos en diseño : propuestas estéticas de una tradición visual _cDaniela Ramírez Chico ... [et al.]. |
| 260 |
_aMéxico _bUniversidad Anáhuac México Sur _c2010 |
||
| 300 |
_a191 p. _bil. (algunas a color) _c33 cm. |
||
| 500 | _aIncluye anexo Graf 30. Línea de tiempo | ||
| 504 | _aIncluye referencias bibliográficas | ||
| 610 | 2 | 4 |
_aEscuela de Diseño Gráfico (México) _xHistoria _918019 |
| 650 | 1 | 4 |
_aDiseño gráfico _918020 |
| 700 | 1 |
_aRamírez Chico, Daniela _918021 |
|
| 942 |
_2lcc _cB |
||
| 999 |
_c6959 _d6959 |
||